000 02083cam a2200589Ia 4500
020 _a0673601358 (grade 1, consumable)
020 _a9780673601353 (grade 1, consumable)
020 _a067360148X (grade 2)
020 _a9780673601483 (grade 2)
020 _a0673601366 (grade 2, consumable)
020 _a9780673601360 (grade 2, consumable)
020 _a0673601498 (grade 3)
020 _a9780673601490 (grade 3)
020 _a0673601374 (grade 3, consumable)
020 _a9780673601377 (grade 3, consumable)
020 _a0673601501 (grade 4)
020 _a9780673601506 (grade 4)
020 _a0673601382 (grade 4, consumable)
020 _a9780673601384 (grade 4, consumable)
020 _a067360151X (grade 5)
020 _a9780673601513 (grade 5)
020 _a0673601390 (grade 5, consumable)
020 _a9780673601391 (grade 5, consumable)
020 _a0673601528 (grade 6)
020 _a9780673601520 (grade 6)
020 _a0673601404 (grade 6, consumable)
020 _a9780673601407 (grade 6, consumable)
020 _a0673601536 (grade 7)
020 _a9780673601537 (grade 7)
020 _a0673601412 (grade 7, consumable)
020 _a9780673601414 (grade 7, consumable)
020 _a0673601544 (grade 8)
020 _a9780673601544 (grade 8)
020 _a0673601420 (grade 8, consumable)
020 _a9780673601421 (grade 8, consumable)
040 _cABC
082 _a372 SCO 2000 A016 Or.
100 1 _aBeers, James W.,
245 1 0 _aEveryday spelling /
246 1 4 _aScott Foresman-Addison Wesley everyday spelling: vocabulary, writing
260 _aGlenview, Ill. :
_bScott Foresman Addison Wesley,
_cc2000.
300 _a15 v. :
_bcol. ill. ;
_c28-29 cm.
500 _aGrades 2-8 include consumable text to be used as a workbook.
650 0 _aSpellers.
650 0 _aVocabulary
650 0 _aEnglish language
700 1 _aCramer, Ronald L.
700 1 _aHammond, W. Dorsey.
710 2 _aScott, Foresman and Company.
710 2 _aAddison-Wesley Publishing Company.
942 _cEK
999 _c11838
_d11838